| 000 | 00768nas a2200253 4500 | ||
|---|---|---|---|
| 001 | BR2018000754 | ||
| 003 | BR-BrBNA | ||
| 005 | 20231205131303.0 | ||
| 007 | ta | ||
| 008 | 230509b bl.|||p| |||| 00| 00por d | ||
| 040 |
_aBR-BrBNA _bpor _cBiblioteca Nacional de Agricultura |
||
| 041 | _a(Pt) | ||
| 072 | _aP40 | ||
| 100 | 1 | _aSanches, F. | |
| 100 | 1 | _aFisch, G. | |
| 245 | 1 | _aAs possíveis alterações microclimáticas devido a formação do lago artificial da hidrelétrica de Tucuruí, PA | |
| 650 | _aCHUVA | ||
| 650 | _aMICROCLIMA | ||
| 650 | _aDESMATAMENTO | ||
| 650 | _aPARA | ||
| 773 | 0 |
_tActa Amazônica (Brazil) _xISSN 0044-5967 _g(Mar 2005), v. 35(1) p. 41-50 _wBR2018000754 |
|
| 909 |
_a202311 _bLúcia _c55 _dLúcia Elande |
||
| 942 |
_2AGRIS _n0 _cANA |
||
| 999 |
_c253992 _d253992 |
||